000 00934cam a22002897a 4500
003 CHAP
005 20220329134912.0
008 971013s1983 a r 00010 eng d
010 _a27789
011 _a28761
035 _a32870
040 _cCHAP
090 _aFolleto 8738
110 2 _aConsejo Internacional para Investigación en Agrosilvicultura
_927292
245 1 3 _aAn account of the activities of the International Council for Research in Agroforestry
260 _aNairobi :
_bThe Council,
_c1983
300 _a31 p. :
_bilus.
590 _aBATCH-UPD
_b10
_c20130110
_lUCH01
_h1731
590 _aBATCH-UPD
_b10
_c20130410
_lUCH01
_h1112
590 _aBATCH-UPD
_b10
_c20130913
_lUCH01
_h2205
590 _aCONVERSION
_b10
_c20130109
_lUCH01
_h1316
650 1 4 _aAgroforestería.
_92156
650 1 4 _aSistemas de cultivo.
_9106746
901 _aBK
942 _cFOLL
949 _aFolleto 8738
_bBC
_cFOLL
_d-76566
_eTS1
_i32870
_si
999 _c27789
_d27789